Coping with aging (Record no. 243161)
[ view plain ]
| 000 -LEADER | |
|---|---|
| fixed length control field | 01548nam a22003374a 4500 |
| 082 04 - DEWEY DECIMAL CLASSIFICATION NUMBER | |
| Classification number | 305.26 |
| 100 1# - MAIN ENTRY--AUTHOR NAME | |
| Personal name | Lazarus, Richard S. |
| 245 10 - TITLE STATEMENT | |
| Title | Coping with aging |
| 260 ## - PUBLICATION, DISTRIBUTION, ETC. (IMPRINT) | |
| Place of publication | Oxford ; |
| -- | New York : |
| Name of publisher | Oxford University Press, |
| Year of publication | 2006. |
| 300 ## - PHYSICAL DESCRIPTION | |
| Number of Pages | ix, 242 p. : |
| Other physical details | ill. |
| 505 0# - FORMATTED CONTENTS NOTE | |
| Formatted contents note | The typical course of aging -- The emotions and research problems -- Coping -- The environment -- The personality -- Family and friends -- A different doctor for every organ -- Loss of a useful function in life : work -- Psychological treatment -- Principles of successful aging. |
| 650 #0 - SUBJECT ADDED ENTRY--TOPICAL TERM | |
| Topical Term | Older people. |
| Topical Term | Adjustment (Psychology) in old age. |
| Topical Term | Aging |
| 700 1# - ADDED ENTRY--PERSONAL NAME | |
| Personal name | Lazarus, Bernice N. |
| 856 40 - ELECTRONIC LOCATION AND ACCESS | |
| Uniform Resource Identifier | http://site.ebrary.com/lib/rucke/Doc?id=10160516 |
No items available.
